| 000 | 00949nam a22002777i 4500 | ||
|---|---|---|---|
| 003 | DO-SdBNP | ||
| 005 | 20240530073926.0 | ||
| 007 | ta | ||
| 008 | 211130b2021 ||||| |||| 00| 0 spa d | ||
| 020 | _a9789945097795 | ||
| 040 |
_aDO-SdBNP _bspa _cBNPHU _erda |
||
| 082 | 4 |
_aRD863.44 _bD671c _222 |
|
| 100 |
_aDomínguez Tavárez, Juan Bartolo, _d1959- _925344 _eautor |
||
| 245 | 1 | 0 |
_aCuando los primos se exprimen / _cJuan Bartolo Domínguez Tavárez |
| 264 | 1 |
_aSantiago de los Caballeros, República Dominicana : _bPremium Lantin Music, _c2021. |
|
| 300 |
_a429 páginas ; _c 24 cm |
||
| 336 |
_2rdacontent _atexto _btxt |
||
| 337 |
_2rdamedia _asin mediación _bn |
||
| 338 |
_2rdacarrier _avolumen _bnc |
||
| 500 | _aIncluye datos biográficos del autor en la solapa de la cubierta | ||
| 590 | _aInventariado, 2021 / DG | ||
| 650 | 0 |
_aNovela dominicana _9223 |
|
| 650 | 0 |
_aLiteratura dominicana _981037 |
|
| 910 | _aD/G | ||
| 942 |
_2ddc _cLBS1 |
||
| 999 |
_c51074 _d51074 |
||